000
00321nam a2200109Ia 4500
008
171211s9999 xx 000 0 und d
245
_a
Developing and Evaluating Security-Aware Software Systems
245
_c
Khaled M. Khan
260
_c
2012
650
_x
SOFTWARE
856
_u
http://down.ebook777.com/063/1466624825.pdf
999
_c
349304
_d
349304